| 000 | 01139nam a2200253 a 4500 | ||
|---|---|---|---|
| 999 |
_c11706 _d11706 |
||
| 001 | 11706 | ||
| 003 | BD-JhCC | ||
| 005 | 20221011134023.0 | ||
| 008 | 200723b2019 bg a|||| ||a| 001 0 ben d | ||
| 020 | _a9789845063234 | ||
| 035 | _a(BD-JhCC)11706 | ||
| 040 |
_aBD-JhCC _dBD-JhCC |
||
| 041 | _aben | ||
| 082 |
_a909 _bHAR 2019 |
||
| 100 | _aহারারি, ইয়ুভাল নোয়াহ | ||
| 245 |
_aস্যাপিয়েন্স: _bমানবজাতির সংক্ষিপ্ত ইতিহাস / _c ইয়ুভাল নোয়াহ হারারি, অনু: সৈয়দ ফায়েজ আহমেদ ও প্রত্যাশা প্রাচুর্য । |
||
| 260 |
_aঢাকা: _bইউনিভার্সিটি প্রেস লিমিটেড; _c২০১৯. |
||
| 300 |
_a486 p. : _bill; _c220 cm. |
||
| 650 |
_aHuman beings _xCivilization _zChronology, Historical |
||
| 700 | _aআহমেদ, সৈয়দ ফায়েজ | ||
| 700 | _a প্রাচুর্য, প্রত্যাশা | ||
| 942 |
_2ddc _cBK _03 |
||